Historiaa kirjaimittain - Ä - Statistics

Yleistilastot
  • Tätä visaa on pelattu 138 kertaa
  • Keskiarvotulos 8 / 14
Vastaustilastot
Vihje Vastaus % Oikein
Tämä otettiin käyttöön elokuvissa 1920-luvun puolella Ääni
100%
Uusi-Seelanti myönsi ensimmäisenä valtiona tämän naisille Äänioikeus
97%
Tässä tilassa eli 1800-luvulla arviolta yli 80% maailman kansalaisista. Nykyään määrä on noin 10%. {Äärimmäinen} köyhyys
84%
Intiassa tekemästään hyväntekeväisyystyöstä muistettu nunna ja pyhimys {Äiti} {Teresa}
84%
Konginkankaan liikenneonnettomuus, Suomen vakavin laatuaan, tapahtui vuonna 2004 tässä kaupungissa Äänekoski
73%
Fasismiin yhdistetty poliittinen laitaideologia Äärioikeistolaisuus
73%
Lukuisista esihistoriallisista löydöistäkin tunnettu suuri järvi Venäjällä Ääninen
70%
Juhlapäivä, jota vietettiin ensimmäisen kerran Yhdysvalloissa vuoden 1907 toukokuussa Äitienpäivä
67%
Entinen ruotsalainen rahayksikkö, arvoltaan kruunun sadasosa Äyri
66%
Entinen Suomen kunta Karjalassa, jonka seudulla käytiin suuria jatkosodan taisteluita Äyräpää
29%
Vilhelm Valloittajan vähemmän mairitteleva liikanimi (vihje: englanninkielinen nimi alkaa B:llä) Äpärä
23%
Kalevalaisen merihirviö Iku-Turson toinen nimitys {Äijön} poika
16%
Suomen puolustusministerinä 1979-1982 toiminut keskustalaispoliitikko Lasse Äikäs
3%
Lääni läntisessä Ruotsissa, joka oli olemassa vuosina 1634-1997 Älvsborg
1%
Ehtoja vastaavia visoja ei löytynyt
Tulosjakauma
Jokaisen tuloksen saaneiden osuus
Persentiili vastausten määrän mukaan
Tuloshistoriasi
Et ole pelannut tätä visaa